00571 2200193 4500001002100000005001700021008004100038020001800079035002400097082001000121090002000131245008400151250001100235260003100246300002200277650003900299700001800338999002100356YOGYA-0411000000185520110421093259.0 ind  a979-8681-29-0 0010-041100000001855 a320.9 a320.9bTralDEP aTragedi Megawatibrevisi politik masa di Indonesiaceditor Andi Setiono [et al] aCet. 1 aYogyakartabTarawangc2000 axb276 hlmc21 cm aIndonesia-politik dan pemerintahan aSetiono, Andi aCB-D.11 2000-415